[Event "POL-ch U26 rapid"]
[Site "Hucisko"]
[Date "2016.01.16"]
[Round "8"]
[White "Wiewiora, Eneasz"]
[Black "Leczycki, Pawel"]
[Result "1-0"]
[WhiteElo "2294"]
[BlackElo "2025"]
[PlyCount "102"]
[EventDate "2016.01.15"]
[EventType "swiss (rapid)"]
[EventRounds "9"]
[EventCountry "POL"]
[SourceTitle "CBM 170 Extra"]
[Source "ChessBase"]
[SourceDate "2016.02.25"]
[SourceVersion "1"]
[SourceVersionDate "2016.02.25"]
[SourceQuality "1"]

1. d4 Nf6 2. Nf3 c5 3. d5 d6 4. c4 g6 5. Nc3 Bg7 6. e4 0-0 7. Bd3 a6 8. 0-0 e5 9. dxe6 fxe6 10. e5 dxe5 11. Nxe5 Nbd7 12. Nxd7 Bxd7 13. Qe2 Qc7 14. h3 Rae8 15. Bg5 Bc6 16. Qe3 Nh5 17. Qxc5 Qd7 18. Be4 Bd4 19. Bxc6 bxc6 20. Rad1 Bxc5 21. Rxd7 Ng3 22. Rfd1 Rxf2 23. Na4 Ne2+ 24. Kh2 Bf8 25. R1d2 Rf5 26. Be3 Nf4 27. Rc7 Nh5 28. Rxc6 Re5 29. Bd4 Re1 30. Nc3 Bh6 31. Re2 Bf4+ 32. g3 Bxg3+ 33. Kg2 Ra1 34. Bf2 Bb8 35. Be3 e5 36. Nd5 e4 37. Rf2 Rxa2 38. Rb6 Ba7 39. Rb7 Bxe3 40. Nxe3 Rf8 41. Rxf8+ Kxf8 42. Nd5 a5 43. Kf2 a4 44. Ke3 a3 45. b4 Rh2 46. Ra7 Rxh3+ 47. Kxe4 Ng3+ 48. Ke5 Ne2 49. c5 Nc1 50. Kf6 Rf3+ 51. Ke6 a2 1-0

[Event "Polanica Zdroj op-B 48th"]
[Site "Polanica Zdroj"]
[Date "2012.08.20"]
[Round "3"]
[White "Leczycki, Pawel"]
[Black "Szmyd, Arkadiusz"]
[Result "0-1"]
[WhiteElo "2038"]
[BlackElo "2161"]
[PlyCount "142"]
[EventDate "2012.08.18"]
[EventType "swiss"]
[EventRounds "9"]
[EventCountry "POL"]
[SourceTitle "EXT 2014"]
[Source "ChessBase"]
[SourceDate "2013.11.20"]
[SourceVersion "1"]
[SourceVersionDate "2013.11.20"]
[SourceQuality "1"]

1. d4 e6 2. c4 b6 3. Nf3 Bb7 4. Nc3 Bb4 5. e3 Nf6 6. Bd3 0-0 7. 0-0 Bxc3 8. bxc3 Qe7 9. a4 a5 10. Ba3 d6 11. Qc2 Nbd7 12. Ne5 Rfe8 13. Rab1 Rad8 14. f4 g6 15. Nxd7 Qxd7 16. e4 Ng4 17. Bc1 f5 18. e5 dxe5 19. fxe5 Nxe5 20. Bg5 Nxd3 21. Bxd8 Rxd8 22. Qxd3 Be4 23. Qe2 Bxb1 24. Rxb1 Re8 25. Rb5 Kf7 26. Qe5 Qd6 27. Qxd6 cxd6 28. Rxb6 Rc8 29. Rxd6 Rxc4 30. Rd7+ Kf6 31. Rxh7 Rxc3 32. Ra7 Rc4 33. Rxa5 Rxd4 34. Kf2 Rd2+ 35. Kf3 g5 36. h3 Rd3+ 37. Ke2 Ra3 38. Kf2 f4 39. Ra8 Kf5 40. Rf8+ Ke4 41. Rg8 Ra2+ 42. Kg1 Rxa4 43. Rxg5 e5 44. h4 Ra8 45. h5 Ra6 46. Rg6 Ra1+ 47. Kf2 Ra2+ 48. Kg1 Kf5 49. g4+ Ke4 50. h6 Kf3 51. Re6 Rg2+ 52. Kf1 Rxg4 53. Rxe5 Rh4 54. Kg1 Rxh6 55. Ra5 Re6 56. Kf1 Re3 57. Rh5 Ke4 58. Rh8 Ra3 59. Ke2 Ra2+ 60. Ke1 Ke3 61. Re8+ Kf3 62. Rg8 Ra1+ 63. Kd2 Kf2 64. Rf8 f3 65. Rf7 Ra8 66. Rd7 Re8 67. Rd6 Kf1 68. Rd7 f2 69. Rd6 Rg8 70. Rf6 Kg2 71. Ke2 Re8+ 0-1

[Event "Polanica Zdroj op-B 48th"]
[Site "Polanica Zdroj"]
[Date "2012.08.18"]
[Round "1"]
[White "Leczycki, Pawel"]
[Black "Mc Aleenan, Charles"]
[Result "1-0"]
[WhiteElo "2038"]
[BlackElo "1806"]
[PlyCount "75"]
[EventDate "2012.08.18"]
[EventType "swiss"]
[EventRounds "9"]
[EventCountry "POL"]
[SourceTitle "EXT 2014"]
[Source "ChessBase"]
[SourceDate "2013.11.20"]
[SourceVersion "1"]
[SourceVersionDate "2013.11.20"]
[SourceQuality "1"]

1. d4 d6 2. c4 e5 3. d5 f5 4. Nc3 Nf6 5. Bg5 Be7 6. Bxf6 Bxf6 7. e4 0-0 8. Bd3 fxe4 9. Nxe4 Qe8 10. Nf3 Qh5 11. Qc2 Na6 12. a3 Nc5 13. Nxc5 dxc5 14. 0-0 Bg4 15. Nd2 Rad8 16. Ne4 Be7 17. Rae1 Rf4 18. Ng3 Qg5 19. Bxh7+ Kf7 20. f3 Bd7 21. Bd3 Rh8 22. Rf2 Qh6 23. Nf1 Bf6 24. g3 Qg5 25. Nd2 Rd4 26. Ne4 Qh6 27. Nxc5 Bc8 28. Nb3 Rxd3 29. Qxd3 Qh5 30. Nc5 Bf5 31. Ne4 Be7 32. b4 Rd8 33. Qc3 Bxe4 34. fxe4+ Bf6 35. Rf5 Qh6 36. Qxe5 Qd2 37. Ref1 Rh8 38. Rxf6+ 1-0

[Event "Chorzow op"]
[Site "Chorzow"]
[Date "2010.03.21"]
[Round "2"]
[White "Leczycki, Pawel"]
[Black "Kalinin, Oleg"]
[Result "0-1"]
[WhiteElo "1989"]
[BlackElo "2366"]
[PlyCount "64"]
[EventDate "2010.03.20"]
[EventType "swiss"]
[EventRounds "9"]
[EventCountry "POL"]
[SourceTitle "EXT 2012"]
[Source "ChessBase"]
[SourceDate "2011.11.24"]
[SourceVersion "1"]
[SourceVersionDate "2011.11.24"]
[SourceQuality "1"]

1. d4 Nf6 2. c4 c5 3. d5 b5 4. cxb5 a6 5. bxa6 Bxa6 6. Nc3 d6 7. f4 g6 8. Nf3 Bg7 9. e4 Bxf1 10. Rxf1 0-0 11. e5 Ne8 12. e6 fxe6 13. Ng5 Nc7 14. Nxe6 Nxe6 15. dxe6 Nc6 16. g4 Qc8 17. Qd5 Nd4 18. f5 Nc2+ 19. Kd1 Nxa1 20. Bg5 Qa6 21. Rf2 Bxc3 22. bxc3 Qa4+ 23. Ke1 Nc2+ 24. Kf1 Qxa2 25. Qd2 Qc4+ 26. Qe2 Ra1+ 27. Kg2 Ne1+ 28. Kg3 Qxc3+ 29. Kh4 Ra3 30. Bxe7 Ng2+ 31. Rxg2 Qh3+ 32. Kg5 Rxf5+ 0-1

[Event "Rewal op-B 14th"]
[Site "Rewal"]
[Date "2009.08.27"]
[Round "7"]
[White "Leczycki, Pawel"]
[Black "Sroka, Janusz"]
[Result "1/2-1/2"]
[WhiteElo "1959"]
[BlackElo "2064"]
[PlyCount "90"]
[EventDate "2009.08.20"]
[EventType "swiss"]
[EventRounds "9"]
[EventCountry "POL"]
[SourceTitle "EXT 2011"]
[Source "ChessBase"]
[SourceDate "2010.11.26"]
[SourceVersion "1"]
[SourceVersionDate "2010.11.26"]
[SourceQuality "1"]

1. d4 Nf6 2. c4 g6 3. Nc3 Bg7 4. e4 d6 5. f3 0-0 6. Be3 Na6 7. Qd2 c5 8. Nge2 Be6 9. d5 Bd7 10. g4 Nc7 11. Ng3 Rb8 12. h4 b5 13. h5 bxc4 14. hxg6 fxg6 15. Bh6 Rf7 16. Bxg7 Rxg7 17. g5 Nfe8 18. f4 Qc8 19. 0-0-0 Nb5 20. Nxb5 Bxb5 21. Bh3 Bd7 22. Bxd7 Qxd7 23. f5 Qa4 24. Kb1 Nc7 25. fxg6 Nb5 26. gxh7+ Kh8 27. Ne2 Na3+ 28. Kc1 Nb5 29. Kb1 Na3+ 30. Kc1 Nb5 31. Nc3 Nxc3 32. Qxc3 Qxa2 33. Rdf1 Qa1+ 34. Kd2 Qxb2+ 35. Qxb2 Rxb2+ 36. Kc3 Rb3+ 37. Kxc4 Rb4+ 38. Kc3 Rxh7 39. Rxh7+ Kxh7 40. Rf7+ Kg6 41. Rxe7 Kxg5 42. Rxa7 Kf4 43. Rd7 Rb6 44. Re7 Ra6 45. Re6 Ra5 1/2-1/2

[Event "Rewal op-B 14th"]
[Site "Rewal"]
[Date "2009.08.25"]
[Round "5"]
[White "Matuszczyk, Przemyslaw"]
[Black "Leczycki, Pawel"]
[Result "1/2-1/2"]
[WhiteElo "2098"]
[BlackElo "1959"]
[PlyCount "31"]
[EventDate "2009.08.20"]
[EventType "swiss"]
[EventRounds "9"]
[EventCountry "POL"]
[SourceTitle "EXT 2011"]
[Source "ChessBase"]
[SourceDate "2010.11.26"]
[SourceVersion "1"]
[SourceVersionDate "2010.11.26"]
[SourceQuality "1"]

1. e4 e5 2. Nf3 Nc6 3. Nc3 Bb4 4. d4 exd4 5. Nxd4 Nf6 6. Nxc6 bxc6 7. Bd3 d5 8. exd5 cxd5 9. 0-0 0-0 10. Bg5 c6 11. Qf3 Bd6 12. Rfe1 Rb8 13. Nd1 Be6 14. b3 h6 15. Bxf6 Qxf6 16. Qxf6 1/2-1/2

[Event "Rewal op-B 14th"]
[Site "Rewal"]
[Date "2009.08.20"]
[Round "1"]
[White "Leczycki, Pawel"]
[Black "Sikora, Rafal"]
[Result "1-0"]
[WhiteElo "1959"]
[BlackElo "1615"]
[PlyCount "43"]
[EventDate "2009.08.20"]
[EventType "swiss"]
[EventRounds "9"]
[EventCountry "POL"]
[SourceTitle "EXT 2011"]
[Source "ChessBase"]
[SourceDate "2010.11.26"]
[SourceVersion "1"]
[SourceVersionDate "2010.11.26"]
[SourceQuality "1"]

1. d4 d5 2. c4 c6 3. Nf3 e6 4. e3 Nf6 5. Nc3 Nbd7 6. Qc2 Bd6 7. g4 dxc4 8. g5 Nd5 9. Ne4 Bc7 10. Bxc4 N5b6 11. Bb3 Qe7 12. Bd2 e5 13. 0-0-0 f5 14. gxf6 Nxf6 15. dxe5 Bxe5 16. Nxe5 Qxe5 17. Nxf6+ gxf6 18. Bc3 Qe7 19. Rd4 f5 20. Rhd1 Be6 21. Bxe6 Qxe6 22. Rd6 1-0

[Event "POL-ch U16"]
[Site "Chotowa"]
[Date "2009.04.03"]
[Round "9"]
[White "Leczycki, Pawel"]
[Black "Sowul, Bartosz"]
[Result "0-1"]
[WhiteElo "1953"]
[BlackElo "2012"]
[PlyCount "74"]
[EventDate "2009.03.28"]
[EventType "swiss"]
[EventRounds "11"]
[EventCountry "POL"]
[SourceTitle "EXT 2011"]
[Source "ChessBase"]
[SourceDate "2010.11.26"]
[SourceVersion "1"]
[SourceVersionDate "2010.11.26"]
[SourceQuality "1"]

1. d4 Nf6 2. c4 g6 3. Nc3 Bg7 4. e4 d6 5. Nf3 0-0 6. Be2 Na6 7. 0-0 e5 8. Qc2 Qe8 9. Rd1 Nh5 10. dxe5 dxe5 11. Ne1 Nf4 12. Nd5 Ne6 13. Be3 c6 14. Nc3 Nd4 15. Bxd4 exd4 16. Na4 f5 17. Bd3 Kh8 18. exf5 Bxf5 19. c5 Bg4 20. f3 Be6 21. Be4 Qf7 22. Nd3 Bxa2 23. Qd2 Rae8 24. b4 Bd5 25. Nf2 Nc7 26. Re1 Be6 27. Bd3 Bf5 28. Nb2 Re3 29. Bxf5 gxf5 30. Rxa7 Rfe8 31. Nfd3 Bh6 32. f4 Bxf4 33. Rf1 Bh6 34. Nd1 Qg7 35. N1f2 Rg3 36. Qc2 Rxg2+ 37. Kh1 Rg8 0-1

[Event "POL-ch U16"]
[Site "Chotowa"]
[Date "2009.04.01"]
[Round "6"]
[White "Klepaczka, Tomasz"]
[Black "Leczycki, Pawel"]
[Result "1-0"]
[WhiteElo "2055"]
[BlackElo "1953"]
[PlyCount "55"]
[EventDate "2009.03.28"]
[EventType "swiss"]
[EventRounds "11"]
[EventCountry "POL"]
[SourceTitle "EXT 2011"]
[Source "ChessBase"]
[SourceDate "2010.11.26"]
[SourceVersion "1"]
[SourceVersionDate "2010.11.26"]
[SourceQuality "1"]

1. e4 e5 2. Nf3 Nc6 3. Nc3 Nf6 4. d4 exd4 5. Nxd4 Bb4 6. Nxc6 bxc6 7. Bd3 d5 8. exd5 cxd5 9. 0-0 0-0 10. Qf3 c6 11. Bg5 Bd6 12. h3 h6 13. Bf4 Be6 14. Ne2 c5 15. c3 Rb8 16. b3 Qc7 17. Bxh6 Nd7 18. Bf4 Ne5 19. Qg3 Rb6 20. Bc2 Bc8 21. Rad1 Bb7 22. Rfe1 f5 23. Qh4 Rf6 24. Bg5 Be7 25. Ng3 Rh6 26. Qf4 Bxg5 27. Qxg5 Rxh3 28. Qxf5 1-0

[Event "POL-ch U16"]
[Site "Chotowa"]
[Date "2009.03.28"]
[Round "1"]
[White "Leczycki, Pawel"]
[Black "Krzyzanowski, Marcin"]
[Result "1/2-1/2"]
[WhiteElo "1953"]
[BlackElo "2248"]
[PlyCount "86"]
[EventDate "2009.03.28"]
[EventType "swiss"]
[EventRounds "11"]
[EventCountry "POL"]
[SourceTitle "EXT 2011"]
[Source "ChessBase"]
[SourceDate "2010.11.26"]
[SourceVersion "1"]
[SourceVersionDate "2010.11.26"]
[SourceQuality "1"]

1. d4 d5 2. c4 e6 3. Nc3 Nf6 4. Bg5 c5 5. e3 cxd4 6. Qxd4 Nc6 7. Bxf6 gxf6 8. Qh4 dxc4 9. Bxc4 Bd7 10. Nf3 f5 11. Qh5 Qf6 12. Rd1 0-0-0 13. 0-0 Qg6 14. Qxg6 hxg6 15. Ng5 Be8 16. Rxd8+ Nxd8 17. Rc1 Kb8 18. g3 a6 19. h4 Be7 20. a3 Bxg5 21. hxg5 Bc6 22. e4 fxe4 23. Rd1 Kc7 24. b4 b5 25. Bf1 e3 26. fxe3 Rh5 27. Bg2 Bxg2 28. Kxg2 Rxg5 29. Ne4 Re5 30. Kf3 Nb7 31. g4 Rd5 32. Rc1+ Kb6 33. Rc3 Rd1 34. Kf4 f5 35. gxf5 exf5 36. Nf6 a5 37. Ke5 Rd8 38. Nd5+ Ka7 39. Ne7 Rd7 40. Nxg6 Nd6 41. Ke6 Ne4 42. Kxd7 Nxc3 43. Ne7 Nb1 1/2-1/2

[Event "POL-ch Seniors"]
[Site "Swietochlowice"]
[Date "2008.10.06"]
[Round "9.1"]
[White "Kastelik, Adrian"]
[Black "Leczycki, Pawel"]
[Result "1/2-1/2"]
[WhiteElo "1916"]
[BlackElo "1910"]
[PlyCount "38"]
[EventDate "2008.09.30"]
[EventType "swiss"]
[EventRounds "9"]
[EventCountry "POL"]
[SourceTitle "EXT 2023"]
[Source "ChessBase"]
[SourceDate "2022.10.05"]
[SourceVersion "1"]
[SourceVersionDate "2022.10.05"]
[SourceQuality "1"]

1. e4 Nc6 2. Nf3 e5 3. d4 exd4 4. Bc4 Bc5 5. 0-0 d6 6. c3 dxc3 7. Nxc3 Nf6 8. Bg5 h6 9. Bxf6 Qxf6 10. Nd5 Qd8 11. b4 Bb6 12. a4 Bg4 13. Bb5 0-0 14. a5 Bxf3 15. gxf3 Bd4 16. Rc1 Qg5+ 17. Kh1 Be5 18. Rg1 Qh4 19. f4 Bxf4 1/2-1/2

[Event "POL-ch Seniors"]
[Site "Swietochlowice"]
[Date "2008.10.05"]
[Round "7.1"]
[White "Leczycki, Pawel"]
[Black "Jacel, Lukasz"]
[Result "1-0"]
[WhiteElo "1910"]
[BlackElo "1958"]
[PlyCount "105"]
[EventDate "2008.09.30"]
[EventType "swiss"]
[EventRounds "9"]
[EventCountry "POL"]
[SourceTitle "EXT 2023"]
[Source "ChessBase"]
[SourceDate "2022.10.05"]
[SourceVersion "1"]
[SourceVersionDate "2022.10.05"]
[SourceQuality "1"]

1. d4 Nf6 2. Nf3 e6 3. g3 b6 4. Bg2 Bb7 5. 0-0 Be7 6. c4 0-0 7. Nc3 d6 8. Nh4 Bxg2 9. Nxg2 Nbd7 10. e4 e5 11. d5 a5 12. f4 Nc5 13. Qf3 exf4 14. gxf4 Nfd7 15. Ne3 Bf6 16. Nf5 Re8 17. Re1 Kh8 18. Kh1 g6 19. Ng3 Bg7 20. Bd2 a4 21. Rab1 Qe7 22. Nb5 Rac8 23. Na7 Ra8 24. Nc6 Qf8 25. Bc3 Nb8 26. Nd4 Nbd7 27. Re2 Rac8 28. Rg1 Nb8 29. Nh5 f6 30. Nf5 gxf5 31. Rxg7 Nbd7 32. Qh3 Re7 33. Reg2 Rxg7 34. Rxg7 Qxg7 35. Nxg7 Kxg7 36. Qxf5 Re8 37. Qg4+ Kh8 38. e5 dxe5 39. Qh5 Re7 40. fxe5 Nxe5 41. Qh6 Ncd7 42. Bxe5 Rxe5 43. Qh3 Re7 44. Qf3 Kg7 45. Qg3+ Kf7 46. Qxc7 Re1+ 47. Kg2 Ke7 48. b4 axb3 49. axb3 Rb1 50. Qc6 Rxb3 51. Qe6+ Kd8 52. d6 Rb2+ 53. Kf1 1-0

[Event "POL-ch Seniors"]
[Site "Swietochlowice"]
[Date "2008.10.04"]
[Round "6.1"]
[White "Kubit, Tomasz"]
[Black "Leczycki, Pawel"]
[Result "1/2-1/2"]
[WhiteElo "2180"]
[BlackElo "1910"]
[PlyCount "34"]
[EventDate "2008.09.30"]
[EventType "swiss"]
[EventRounds "9"]
[EventCountry "POL"]
[SourceTitle "EXT 2023"]
[Source "ChessBase"]
[SourceDate "2022.10.05"]
[SourceVersion "1"]
[SourceVersionDate "2022.10.05"]
[SourceQuality "1"]

1. e4 Nc6 2. Nf3 e5 3. c3 Nf6 4. d4 exd4 5. e5 Nd5 6. cxd4 Bb4+ 7. Bd2 Bxd2+ 8. Qxd2 d6 9. Bc4 Nb6 10. Bb3 dxe5 11. dxe5 Qxd2+ 12. Nbxd2 0-0 13. 0-0 Re8 14. Rfe1 Be6 15. Re2 Bxb3 16. Nxb3 Nd7 17. Rae1 Re7 1/2-1/2

[Event "POL-ch Seniors"]
[Site "Swietochlowice"]
[Date "2008.10.03"]
[Round "4.1"]
[White "Gondzik, Dawid"]
[Black "Leczycki, Pawel"]
[Result "1/2-1/2"]
[WhiteElo "2059"]
[BlackElo "1910"]
[PlyCount "46"]
[EventDate "2008.09.30"]
[EventType "swiss"]
[EventRounds "9"]
[EventCountry "POL"]
[SourceTitle "EXT 2023"]
[Source "ChessBase"]
[SourceDate "2022.10.05"]
[SourceVersion "1"]
[SourceVersionDate "2022.10.05"]
[SourceQuality "1"]

1. d4 Nf6 2. c4 g6 3. Nc3 Bg7 4. e4 d6 5. f3 0-0 6. Be3 c6 7. Qd2 e5 8. d5 c5 9. Nge2 Bd7 10. g4 Na6 11. Ng3 Nc7 12. h4 Qe7 13. h5 a6 14. g5 Nfe8 15. Qh2 Bh8 16. Bh3 b5 17. 0-0-0 bxc4 18. Rdg1 Nb5 19. Bxd7 Qxd7 20. hxg6 fxg6 21. Nf5 Nd4 22. Nh6+ Kg7 23. Nf5+ Kg8 1/2-1/2

[Event "POL-chT4 Slaskie"]
[Site "Poland"]
[Date "2008.05.18"]
[Round "9.1"]
[White "Gola, Karol"]
[Black "Leczycki, Pawel"]
[Result "1-0"]
[WhiteElo "2154"]
[BlackElo "1879"]
[PlyCount "83"]
[EventDate "2008.02.10"]
[EventType "team-swiss"]
[EventRounds "9"]
[EventCountry "POL"]
[SourceTitle "EXT 2019"]
[Source "ChessBase"]
[SourceDate "2018.10.10"]
[SourceVersion "1"]
[SourceVersionDate "2018.10.10"]
[SourceQuality "1"]

1. e4 Nc6 2. Nf3 e5 3. Nc3 Nf6 4. d4 exd4 5. Nxd4 Bb4 6. Nxc6 bxc6 7. Bd3 0-0 8. 0-0 Qe7 9. Re1 d6 10. h3 Re8 11. Bd2 Rb8 12. a3 Bc5 13. Na4 Bd4 14. c3 Bb6 15. Nxb6 axb6 16. f4 Bb7 17. Qc2 h6 18. Re2 c5 19. Rae1 Nd7 20. a4 Qf6 21. b4 Ra8 22. Rf1 Qh4 23. Be1 Qh5 24. Re3 Bc6 25. b5 Bb7 26. e5 Nxe5 27. fxe5 Rxe5 28. Rxe5 Qxe5 29. Bd2 Qd5 30. Rf2 c4 31. Be2 Qc5 32. Kf1 c6 33. Qe4 d5 34. Qf3 Qe7 35. Bd1 cxb5 36. Re2 Qf8 37. Bc2 g6 38. Qe3 bxa4 39. Qxb6 a3 40. Bxh6 Qd8 41. Bxg6 Qf6+ 42. Qxf6 1-0

[Event "POL-chT4 Slaskie"]
[Site "Poland"]
[Date "2008.05.17"]
[Round "7.37"]
[White "Koszyk, Mariusz"]
[Black "Leczycki, Pawel"]
[Result "0-1"]
[WhiteElo "1929"]
[BlackElo "1879"]
[PlyCount "45"]
[EventDate "2008.02.10"]
[EventType "team-swiss"]
[EventRounds "9"]
[EventCountry "POL"]
[SourceTitle "EXT 2019"]
[Source "ChessBase"]
[SourceDate "2018.10.10"]
[SourceVersion "1"]
[SourceVersionDate "2018.10.10"]
[SourceQuality "1"]

1. c4 Nf6 2. g3 g6 3. Bg2 Bg7 4. Nc3 0-0 5. d3 d6 6. e4 e5 7. f4 Nc6 8. Nf3 Nh5 9. Nd5 Bg4 10. Rb1 Nd4 11. Ne3 Bxf3 12. Bxf3 Nxf3+ 13. Qxf3 exf4 14. Ng4 fxg3 15. hxg3 f5 16. Nh6+ Bxh6 17. Bxh6 Rf7 18. e5 dxe5 19. Qxb7 Nxg3 20. Rh3 g5 21. Bxg5 Qc8 22. Qc6 Rb8 23. Rh2 0-1

[Event "POL-chT4 Slaskie"]
[Site "Poland"]
[Date "2008.05.17"]
[Round "8.31"]
[White "Leczycki, Pawel"]
[Black "Rupik, Marek"]
[Result "1/2-1/2"]
[WhiteElo "1879"]
[BlackElo "1940"]
[PlyCount "54"]
[EventDate "2008.02.10"]
[EventType "team-swiss"]
[EventRounds "9"]
[EventCountry "POL"]
[SourceTitle "EXT 2019"]
[Source "ChessBase"]
[SourceDate "2018.10.10"]
[SourceVersion "1"]
[SourceVersionDate "2018.10.10"]
[SourceQuality "1"]

1. d4 d5 2. c4 c6 3. Nf3 Nf6 4. Nc3 e6 5. Bg5 dxc4 6. e4 b5 7. e5 h6 8. Bh4 g5 9. Nxg5 hxg5 10. Bxg5 Be7 11. Bxf6 Bxf6 12. exf6 Qxf6 13. g3 Bb7 14. Bg2 Qe7 15. 0-0 Na6 16. Qe2 Nb4 17. a4 a6 18. Rad1 Nd5 19. Rfe1 Nxc3 20. bxc3 Rd8 21. Qe5 Rg8 22. f4 Qd6 23. axb5 Qxe5 24. fxe5 axb5 25. Rf1 Ke7 26. Ra1 Ra8 27. Be4 Rgb8 1/2-1/2